th-ms-modeling and analysis of p13k/akt pathway in diabetes and breast cancer (Record no. 480267)
[ view plain ]
| 000 -LEADER | |
|---|---|
| fixed length control field | 00342nam a22001217a 4500 |
| 003 - CONTROL NUMBER IDENTIFIER | |
| control field | NUST |
| 008 - FIXED-LENGTH DATA ELEMENTS--GENERAL INFORMATION | |
| fixed length control field | 161110t xxu||||| |||| 00| 0 eng d |
| 038 ## - RECORD CONTENT LICENSOR | |
| Staff Name | Adnan |
| 082 ## - DEWEY DECIMAL CLASSIFICATION NUMBER | |
| Classification number | 020 |
| 245 ## - TITLE STATEMENT | |
| Title | th-ms-modeling and analysis of p13k/akt pathway in diabetes and breast cancer |
| Statement of responsibility, etc. | sammia rehman-sup-dr. amjad ali |
| 250 ## - EDITION STATEMENT | |
| Edition statement | 2016 |
| 942 ## - ADDED ENTRY ELEMENTS (KOHA) | |
| Source of classification or shelving scheme | |
| Koha item type | Thesis |
| Withdrawn status | Lost status | Source of classification or shelving scheme | Damaged status | Not for loan | Permanent Location | Current Location | Date acquired | Total Checkouts | Full call number | Barcode | Date last seen | Price effective from | Koha item type |
|---|---|---|---|---|---|---|---|---|---|---|---|---|---|
| Atta-ur-Rahman School of Applied Biosciences (ASAB) | Atta-ur-Rahman School of Applied Biosciences (ASAB) | 11/10/2016 | thesis sammia rehman | ASABMS-17-16 | 11/10/2016 | 11/10/2016 | Thesis |
